| 000 | 00847nam a22002415i 4500 | ||
|---|---|---|---|
| 001 | 162374 | ||
| 003 | ES-MaACL | ||
| 005 | 20250824031153.0 | ||
| 008 | 950627s1858 fr |||| | fre d | ||
| 080 | _a840-31"18" | ||
| 080 | _a840-2"18" | ||
| 100 | 1 |
_aPoitou, Eugène. _9131239 |
|
| 245 | 1 | 0 |
_aDu roman et du théatre contemporains et de leur influence sur les moeurs / _cpar Eugène Poitou. |
| 250 | _a2e éd. | ||
| 260 |
_aParis : _bAuguste Durand, _c1858 ( _eAngers : _fImp. Cosnie et Lachère) |
||
| 300 |
_a411 p. ; _c17 cm. |
||
| 650 | 4 |
_aNovela francesa- _yS.XIX- _xHistoria y crítica. _9136608 |
|
| 650 | 7 |
_aTeatro francés- _yS.XIX- _xHistoria y crítica _2 _9174695 |
|
| 700 | 1 |
_aDurand, Auguste. _9222833 |
|
| 752 |
_aFrancia - _dParís |
||
| 852 | 4 |
_aES-MaACL _jD-1040 _z- Enc. hol. |
|
| 999 |
_c162374 _d162374 |
||